[Event "Keres Memorial op"]
[Site "Tallinn"]
[Date "2005.08.28"]
[Round "2"]
[White "Korstin, Maris"]
[Black "Espenberg, Mikk"]
[Result "1-0"]
[WhiteElo "2247"]
[BlackElo "2055"]
[PlyCount "79"]
[EventDate "2005.08.28"]
[EventType "swiss"]
[EventRounds "4"]
[EventCountry "EST"]
[SourceTitle "EXT 2018"]
[Source "ChessBase"]
[SourceDate "2017.10.13"]
[SourceVersion "1"]
[SourceVersionDate "2017.10.13"]
[SourceQuality "1"]

1. g3 g6 2. Bg2 Bg7 3. Nf3 e5 4. d3 Ne7 5. 0-0 0-0 6. c4 d6 7. Nc3 Nbc6 8. Rb1 a5 9. a3 h6 10. b4 axb4 11. axb4 Be6 12. b5 Nb8 13. Bb2 Nd7 14. Ra1 c6 15. Rxa8 Qxa8 16. Qc2 Qb8 17. Nd2 Qc7 18. Ra1 f5 19. e3 g5 20. Ba3 Nf6 21. Qa4 f4 22. exf4 exf4 23. Re1 Bf5 24. Nde4 Nxe4 25. Nxe4 Nc8 26. bxc6 bxc6 27. Rb1 Bg6 28. Qa6 f3 29. Rb7 Qd8 30. Bh3 Bxe4 31. dxe4 Qe8 32. Rc7 g4 33. Bf1 c5 34. Qb7 Bf6 35. Bc1 Ne7 36. Bf4 Rf7 37. Bxd6 Ng6 38. Rxf7 Qxf7 39. Qc8+ Kg7 40. Qxg4 1-0